The Nibelungenlied / (Record no. 200093)

MARC details
000 -LEADER
fixed length control field 01011nam a2200313 a 4500
001 - CONTROL NUMBER
control field vtls000196623
003 - CONTROL NUMBER IDENTIFIER
control field NLI
005 - DATE AND TIME OF LATEST TRANSACTION
control field 20210602113033.0
008 - FIXED-LENGTH DATA ELEMENTS--GENERAL INFORMATION
fixed length control field 101125s1963 enk 000 p eng
020 ## - INTERNATIONAL STANDARD BOOK NUMBER
Terms of availability PND 1.30
039 #9 - LEVEL OF BIBLIOGRAPHIC CONTROL AND CODING DETAIL [OBSOLETE]
-- 201011252325
-- VLOAD
040 0# - CATALOGING SOURCE
Original cataloging agency NLI
Language of cataloging eng
Transcribing agency VERGIS-2010
Description conventions AACR2
041 1# - LANGUAGE CODE
Language code of text/sound track or separate title eng
Language code of original ger
044 ## - COUNTRY OF PUBLISHING/PRODUCING ENTITY CODE
MARC country code enk
082 04 - DEWEY DECIMAL CLASSIFICATION NUMBER
Classification number 831.03
240 10 - UNIFORM TITLE
Uniform title Nibelungenlied .
Language of a work English
245 04 - TITLE STATEMENT
Title The Nibelungenlied /
Statement of responsibility, etc. translated with an introduction and notes by D. G. Mowatt
260 ## - PUBLICATION, DISTRIBUTION, ETC.
Place of publication, distribution, etc. London :
Name of publisher, distributor, etc. Dent,
Date of publication, distribution, etc. 1963
300 ## - PHYSICAL DESCRIPTION
Extent xiv, 225 p. ;
Dimensions 19 cm.
500 ## - GENERAL NOTE
General note Translation of: Nibelungenlied
650 #0 - SUBJECT ADDED ENTRY--TOPICAL TERM
Topical term or geographic name entry element German poetry
General subdivision Translations into English
9 (RLIN) 372847
700 1# - ADDED ENTRY--PERSONAL NAME
Personal name Mowatt, D. G.,
Relationship trl
9 (RLIN) 374467
887 ## - NON-MARC INFORMATION FIELD
Content of non-MARC field
901 ## - LOCAL DATA ELEMENT A, LDA (RLIN)
a 356166
b 04.10.1963
902 ## - LOCAL DATA ELEMENT B, LDB (RLIN)
a E 831.03 N 511
942 ## - ADDED ENTRY ELEMENTS (KOHA)
Source of classification or shelving scheme Dewey Decimal Classification
Koha item type Books
949 ## - LOCAL PROCESSING INFORMATION (OCLC)
-- VIRTUAITEM
-- 10000
-- 100
6 PUR000356166ENG
Holdings
Withdrawn status Lost status Damaged status Not for loan Collection code Home library Current library Shelving location Date acquired Total Checkouts Full call number Barcode Date last seen Price effective from Koha item type
        New English National Library of India National Library of India New English - Main Stack Division     E 831.03 N 511 PUR000356166ENG 02/06/2021 02/06/2021 Books
                                                                           
web counter

Copyright ©2020 The National Library of India, Govt. of India ↔ Hosted by NVLI, MOC ↔ Technology and Design by National Library of India, Ministry of Culture, Govt. of India